Eastern Utah Libraries Catalog: Duchesne, Heber, Roosevelt, & Vernal

Black sun / (Record no. 354797)

MARC details
000 -LEADER
fixed length control field 02420pam a2200445 i 4500
001 - CONTROL NUMBER
control field 2020012273
003 - CONTROL NUMBER IDENTIFIER
control field DLC
005 - DATE AND TIME OF LATEST TRANSACTION
control field 20201023175506.0
008 - FIXED-LENGTH DATA ELEMENTS--GENERAL INFORMATION
fixed length control field 200317s2020 nyu 000 1 eng d
010 ## - LIBRARY OF CONGRESS CONTROL NUMBER
LC control number 2020012273
020 ## - INTERNATIONAL STANDARD BOOK NUMBER
International Standard Book Number 9781534437678
Qualifying information (hbk.)
020 ## - INTERNATIONAL STANDARD BOOK NUMBER
Cancelled/invalid ISBN 9781534437692
Qualifying information (ebk.)
035 ## - SYSTEM CONTROL NUMBER
System control number (OCoLC)1139766106
040 ## - CATALOGING SOURCE
Original cataloging agency DLC
Language of cataloging eng
Description conventions rda
Transcribing agency DLC
Modifying agency TnLvILS
042 ## - AUTHENTICATION CODE
Authentication code pcc
092 ## - LOCALLY ASSIGNED DEWEY CALL NUMBER (OCLC)
Classification number F Roanhorse
100 1# - MAIN ENTRY--PERSONAL NAME
Personal name Roanhorse, Rebecca,
Relator term author.
9 (RLIN) 5810918
245 10 - TITLE STATEMENT
Title Black sun /
Statement of responsibility, etc Rebecca Roanhorse.
250 ## - EDITION STATEMENT
Edition statement First Saga Press hardcover edition.
264 #1 - Production, Publication, Distribution, Manufacture, and Copyright Notice.
Place of production, publication, distribution, manufacture New York :
Name of producer, publisher, distributor, manufacturer Saga Press,
Date of production, publication, distribution, manufacture, or copyr 2020.
300 ## - PHYSICAL DESCRIPTION
Extent 454 pages ;
Dimensions 24 cm.
336 ## - Content Type
Content type term text
337 ## - Media type
Media type term unmediated
338 ## - Carrier type
Carrier type term volume
490 0# - SERIES STATEMENT
Series statement Between earth and sky ;
Volume number/sequential designation book one.
500 ## - GENERAL NOTE
General note Maps on endpapers.
500 ## - GENERAL NOTE
General note "A novel"--Jacket.
520 ## - SUMMARY, ETC.
Summary, etc "The the first book in [this trilogy is] inspired by the civilizations of the Pre-Columbian Americas and woven into a tale of celestial prophecies, political intrigue, and forbidden magic. In the holy city of Tova, the winter solstice is usually a time for celebration and renewal, but this year it coincides with a solar eclipse, a rare celestial event proscribed by the Sun Priest as an unbalancing of the world. Meanwhile, a ship launches from a distant city bound for Tova and set to arrive on the solstice. The captain of the ship, Xiala, is a disgraced Teek whose song can calm the waters around her as easily as it can warp a man's mind. Her ship carries one passenger. Described as harmless, the passenger, Serapio, is a young man, blind, scarred, and cloaked in destiny. As Xiala well knows, when a man is described as harmless, he usually ends up being a villain"--Provided by publisher.
650 #0 - SUBJECT ADDED ENTRY--TOPICAL TERM
Topical term or geographic name as entry element Solar eclipses
Form subdivision Fiction.
9 (RLIN) 6380913
650 #0 - SUBJECT ADDED ENTRY--TOPICAL TERM
Topical term or geographic name as entry element Winter solstice
Form subdivision Fiction.
9 (RLIN) 6380914
650 #0 - SUBJECT ADDED ENTRY--TOPICAL TERM
Topical term or geographic name as entry element Yule (Festival)
Form subdivision Fiction.
9 (RLIN) 6380915
650 #0 - SUBJECT ADDED ENTRY--TOPICAL TERM
Topical term or geographic name as entry element Prophecies
Form subdivision Fiction.
9 (RLIN) 5673927
650 #0 - SUBJECT ADDED ENTRY--TOPICAL TERM
Topical term or geographic name as entry element Magic
Form subdivision Fiction.
9 (RLIN) 5673694
650 #0 - SUBJECT ADDED ENTRY--TOPICAL TERM
Topical term or geographic name as entry element Ocean travel
Form subdivision Fiction.
9 (RLIN) 5708310
650 #0 - SUBJECT ADDED ENTRY--TOPICAL TERM
Topical term or geographic name as entry element Fate and fatalism
Form subdivision Fiction.
9 (RLIN) 5691628
655 #7 - INDEX TERM--GENRE/FORM
Genre/form data or focus term Fantasy fiction.
Source of term lcgft.
9 (RLIN) 6380916
776 08 - ADDITIONAL PHYSICAL FORM ENTRY
Display text Online version:
Main entry heading Roanhorse, Rebecca.
Title Black sun.
Edition First Saga Press hardcover edition
Place, publisher, and date of publication London ; New York : Saga Press, 2020
International Standard Book Number 9781534437692
Record control number (DLC) 2020012274.
907 ## - LOCAL DATA ELEMENT G, LDG (RLIN)
a .b430354150
942 ## - ADDED ENTRY ELEMENTS (KOHA)
Source of classification or shelving scheme Dewey Decimal Classification
Koha item type BOOK
Holdings
Withdrawn status Lost status Source of classification or shelving scheme Damaged status Not for loan Collection code Home library Current library Shelving location Date acquired Source of acquisition Total Checkouts Total Renewals Full call number Barcode Date last seen Date checked out Cost, replacement price Price effective from Koha item type
    Dewey Decimal Classification     Fiction Wasatch County Library Wasatch County Library First Floor 10/26/2020 Micromarketing 5 9 F Roanhorse 34301001700741 10/05/2024 08/05/2024 27.99 10/26/2020 BOOK
This project was made possible through a grant from the Institute of Museum and Library Service administered by the Utah State Library Division.

Wasatch County Library

  • 465 East 1200 South, Heber City, Utah 84032
  • Phone 435-654-1511 | Fax 435-654-6456

Hours

  • Monday - Friday 9:30 AM - 8:00 PM
  • Saturday 9:30 AM - 1:30 PM
  • Closed Sundays and Holidays